Statistics for 2015 College Football AP Poll

Click here to take the quiz!

General Stats

  • This quiz has been taken 10 times
  • The average score is 331 of 400

Answer Stats

WeekRankTeamWLConference% Correct
Preseason1Ohio State00Big Ten
100%
Week 6 (10/11)10Alabama51SEC
100%
Week 9 (11/1)7Alabama71SEC
100%
Week 9 (11/1)1Ohio State80Big Ten
100%
Week 8 (10/25)15Michigan52Big Ten
100%
Week 8 (10/25)14Oklahoma61Big 12
100%
Week 8 (10/25)9Notre Dame61Independent
100%
Week 8 (10/25)7Alabama71SEC
100%
Week 7 (10/18)17Oklahoma51Big 12
100%
Week 7 (10/18)15Michigan52Big Ten
100%
Week 7 (10/18)11Notre Dame61Independent
100%
Week 7 (10/18)8Alabama61SEC
100%
Week 7 (10/18)1Ohio State70Big Ten
100%
Week 6 (10/11)19Oklahoma41Big 12
100%
Week 6 (10/11)14Notre Dame51Independent
100%
Week 6 (10/11)12Michigan51Big Ten
100%
Week 6 (10/11)1Ohio State60Big Ten
100%
Week 9 (11/1)14Oklahoma71Big 12
100%
Week 4 (9/27)15Oklahoma30Big 12
100%
Week 3 (9/20)12Alabama21SEC
100%
Week 3 (9/20)15Oklahoma30Big 12
100%
Week 3 (9/20)19USC21Pac-12
100%
Week 4 (9/27)1Ohio State40Big Ten
100%
Week 4 (9/27)6Notre Dame40Independent
100%
Week 4 (9/27)13Alabama31SEC
100%
Week 4 (9/27)17USC31Pac-12
100%
Week 5 (10/4)18Michigan41Big Ten
100%
Week 4 (9/27)22Michigan31Big Ten
100%
Week 5 (10/4)1Ohio State50Big Ten
100%
Week 5 (10/4)8Alabama41SEC
100%
Week 5 (10/4)10Oklahoma40Big 12
100%
Week 5 (10/4)15Notre Dame41Independent
100%
Week 5 (10/4)17USC31Pac-12
100%
Week 9 (11/1)8Notre Dame71Independent
100%
Week 9 (11/1)16Michigan62Big Ten
100%
Week 3 (9/20)1Ohio State30Big Ten
100%
Week 14 (12/6)8Notre Dame102Independent
100%
Week 13 (11/29)9Notre Dame102Independent
100%
Week 13 (11/29)19Michigan93Big Ten
100%
Week 13 (11/29)24USC84Pac-12
100%
Week 14 (12/6)2Alabama121SEC
100%
Week 14 (12/6)4Oklahoma111Big 12
100%
Week 14 (12/6)7Ohio State111Big Ten
100%
Week 14 (12/6)17Michigan93Big Ten
100%
Week 13 (11/29)3Oklahoma111Big 12
100%
Postseason1Alabama141SEC
100%
Postseason4Ohio State121Big Ten
100%
Postseason5Oklahoma112Big 12
100%
Postseason11Notre Dame103Independent
100%
Postseason12Michigan103Big Ten
100%
Postseason22Tennessee94SEC
100%
Week 13 (11/29)6Ohio State111Big Ten
100%
Week 13 (11/29)2Alabama111SEC
100%
Week 10 (11/8)2Ohio State90Big Ten
100%
Week 11 (11/15)5Notre Dame91Independent
100%
Week 10 (11/8)3Alabama81SEC
100%
Week 10 (11/8)6Notre Dame81Independent
100%
Week 10 (11/8)12Oklahoma81Big 12
100%
Week 10 (11/8)15Michigan72Big Ten
100%
Week 11 (11/15)2Ohio State100Big Ten
100%
Week 11 (11/15)3Alabama91SEC
100%
Week 11 (11/15)7Oklahoma91Big 12
100%
Week 12 (11/22)12Michigan92Big Ten
100%
Week 11 (11/15)14Michigan82Big Ten
100%
Week 11 (11/15)22USC73Pac-12
100%
Week 12 (11/22)2Alabama101SEC
100%
Week 12 (11/22)4Notre Dame101Independent
100%
Week 12 (11/22)5Oklahoma101Big 12
100%
Week 12 (11/22)8Ohio State101Big Ten
100%
Week 3 (9/20)6Notre Dame30Independent
100%
Week 8 (10/25)1Ohio State80Big Ten
100%
Preseason25Tennessee00SEC
100%
Preseason8USC00Pac-12
100%
Week 1 (9/8)1Ohio State10Big Ten
100%
Week 1 (9/8)2Alabama10SEC
100%
Week 2 (9/13)6USC20Pac-12
100%
Preseason19Oklahoma00Big 12
100%
Week 1 (9/8)8USC10Pac-12
100%
Week 1 (9/8)9Notre Dame10Independent
100%
Week 2 (9/13)2Alabama20SEC
100%
Week 2 (9/13)16Oklahoma20Big 12
100%
Week 2 (9/13)1Ohio State20Big Ten
100%
Preseason11Notre Dame00Independent
100%
Week 2 (9/13)8Notre Dame20Independent
100%
Week 1 (9/8)23Tennessee10SEC
100%
Preseason3Alabama00SEC
100%
Week 1 (9/8)19Oklahoma10Big 12
100%
Week 8 (10/25)13Utah61Pac-12
89%
Week 8 (10/25)6Michigan State80Big Ten
89%
Week 10 (11/8)8Iowa90Big Ten
89%
Week 10 (11/8)9LSU71SEC
89%
Week 10 (11/8)10Utah81Pac-12
89%
Week 10 (11/8)11Florida81SEC
89%
Week 8 (10/25)4LSU70SEC
89%
Week 1 (9/8)7Oregon10Pac-12
89%
Week 10 (11/8)14Michigan State81Big Ten
89%
Week 10 (11/8)19Florida State72ACC
89%
Week 1 (9/8)6Auburn10SEC
89%
Week 10 (11/8)20Mississippi State72SEC
89%
Week 10 (11/8)23Wisconsin82Big Ten
89%
Week 1 (9/8)5Michigan State10Big Ten
89%
Week 7 (10/18)24Ole Miss52SEC
89%
Week 11 (11/15)4Oklahoma State100Big 12
89%
Week 11 (11/15)6Iowa100Big Ten
89%
Week 7 (10/18)23Duke51ACC
89%
Week 11 (11/15)8Florida91SEC
89%
Week 11 (11/15)9Michigan State91Big Ten
89%
Week 10 (11/8)5Oklahoma State90Big 12
89%
Week 1 (9/8)10Georgia10SEC
89%
Week 1 (9/8)17Ole Miss10SEC
89%
Week 1 (9/8)14LSU00SEC
89%
Week 8 (10/25)12Oklahoma State70Big 12
89%
Week 1 (9/8)16Texas A&M10SEC
89%
Week 8 (10/25)17Florida State61ACC
89%
Week 8 (10/25)19Ole Miss62SEC
89%
Week 8 (10/25)22Duke61ACC
89%
Week 8 (10/25)25Mississippi State62SEC
89%
Week 9 (11/1)4LSU70SEC
89%
Week 9 (11/1)6Michigan State80Big Ten
89%
Week 9 (11/1)10Iowa80Big Ten
89%
Week 9 (11/1)25Texas A&M62SEC
89%
Week 9 (11/1)12Oklahoma State80Big 12
89%
Week 8 (10/25)11Florida61SEC
89%
Week 9 (11/1)13Utah71Pac-12
89%
Week 8 (10/25)10Iowa70Big Ten
89%
Week 1 (9/8)18Arkansas10SEC
89%
Week 11 (11/15)16Florida State82ACC
89%
Week 9 (11/1)17Florida State71ACC
89%
Week 9 (11/1)19Ole Miss72SEC
89%
Week 9 (11/1)24Mississippi State62SEC
89%
Week 1 (9/8)11Florida State10ACC
89%
Week 2 (9/13)22Missouri20SEC
89%
Week 11 (11/15)17LSU72SEC
89%
Week 14 (12/6)23Wisconsin93Big Ten
89%
Week 14 (12/6)3Michigan State121Big Ten
89%
Week 14 (12/6)6Iowa121Big Ten
89%
Preseason10Florida State00ACC
89%
Week 14 (12/6)9Florida State102ACC
89%
Week 14 (12/6)13Oklahoma State102Big 12
89%
Week 14 (12/6)15Oregon93Pac-12
89%
Week 14 (12/6)16Ole Miss93SEC
89%
Preseason9Georgia00SEC
89%
Week 14 (12/6)19Florida103SEC
89%
Week 14 (12/6)20Utah93Pac-12
89%
Week 14 (12/6)22LSU83SEC
89%
Preseason7Oregon00Pac-12
89%
Preseason14LSU00SEC
89%
Preseason6Auburn00SEC
89%
Postseason6Michigan State122Big Ten
89%
Postseason9Iowa122Big Ten
89%
Postseason10Ole Miss103SEC
89%
Preseason5Michigan State00Big Ten
89%
Postseason14Florida State103ACC
89%
Postseason16LSU93SEC
89%
Postseason17Utah103Pac-12
89%
Postseason19Oregon94Pac-12
89%
Postseason20Oklahoma State103Big 12
89%
Postseason21Wisconsin103Big Ten
89%
Week 13 (11/29)25Wisconsin93Big Ten
89%
Week 13 (11/29)23LSU83SEC
89%
Week 11 (11/15)18Utah82Pac-12
89%
Week 12 (11/22)14Florida State92ACC
89%
Week 11 (11/15)21Wisconsin82Big Ten
89%
Week 1 (9/8)21Missouri10SEC
89%
Week 11 (11/15)23Oregon73Pac-12
89%
Week 11 (11/15)25Ole Miss73SEC
89%
Preseason24Missouri00SEC
89%
Week 12 (11/22)3Iowa110Big Ten
89%
Preseason22Arizona00Pac-12
89%
Week 12 (11/22)6Michigan State101Big Ten
89%
Week 12 (11/22)9Oklahoma State101Big 12
89%
Week 12 (11/22)10Florida101SEC
89%
Preseason20Wisconsin00Big Ten
89%
Week 12 (11/22)18Oregon83Pac-12
89%
Week 13 (11/29)21Utah93Pac-12
89%
Week 12 (11/22)19Ole Miss83SEC
89%
Week 12 (11/22)23Mississippi State83SEC
89%
Preseason18Arkansas00SEC
89%
Week 13 (11/29)4Iowa120Big Ten
89%
Week 13 (11/29)5Michigan State111Big Ten
89%
Preseason17Ole Miss00SEC
89%
Week 13 (11/29)10Florida State102ACC
89%
Week 13 (11/29)14Oklahoma State102Big 12
89%
Week 13 (11/29)15Oregon93Pac-12
89%
Week 13 (11/29)16Ole Miss93SEC
89%
Week 13 (11/29)18Florida102SEC
89%
Preseason15Arizona State00Pac-12
89%
Week 7 (10/18)15Texas A&M51SEC
89%
Week 9 (11/1)11Florida71SEC
89%
Week 7 (10/18)14Oklahoma State60Big 12
89%
Week 2 (9/13)9Florida State20ACC
89%
Week 2 (9/13)13LSU10SEC
89%
Week 2 (9/13)12Oregon11Pac-12
89%
Week 4 (9/27)19Wisconsin31Big Ten
89%
Week 4 (9/27)20Oklahoma State40Big 12
89%
Week 4 (9/27)21Mississippi State31SEC
89%
Week 4 (9/27)25Florida40SEC
89%
Week 5 (10/4)4Michigan State50Big Ten
89%
Week 5 (10/4)5Utah40Pac-12
89%
Week 7 (10/18)13Florida61SEC
89%
Week 5 (10/4)7LSU40SEC
89%
Week 5 (10/4)9Texas A&M50SEC
89%
Week 4 (9/27)11Florida State40ACC
89%
Week 5 (10/4)11Florida50SEC
89%
Week 5 (10/4)12Florida State40ACC
89%
Week 5 (10/4)14Ole Miss41SEC
89%
Week 2 (9/13)7Georgia20SEC
89%
Week 5 (10/4)19Georgia41SEC
89%
Week 5 (10/4)21Oklahoma State50Big 12
89%
Week 5 (10/4)22Iowa50Big Ten
89%
Week 2 (9/13)4Michigan State20Big Ten
89%
Week 6 (10/11)4Utah50Pac-12
89%
Week 6 (10/11)6LSU50SEC
89%
Week 6 (10/11)7Michigan State60Big Ten
89%
Week 4 (9/27)14Texas A&M40SEC
89%
Week 4 (9/27)10Utah40Pac-12
89%
Week 6 (10/11)9Texas A&M50SEC
89%
Week 3 (9/20)14Texas A&M30SEC
89%
Week 2 (9/13)24Wisconsin11Big Ten
89%
Week 2 (9/13)25Oklahoma State20Big 12
89%
Week 2 (9/13)21Utah20Pac-12
89%
Week 3 (9/20)2Michigan State30Big Ten
89%
Week 3 (9/20)3Ole Miss30SEC
89%
Week 2 (9/13)20Arizona20Pac-12
89%
Week 3 (9/20)7Georgia30SEC
89%
Week 3 (9/20)8LSU20SEC
89%
Week 3 (9/20)10Florida State30ACC
89%
Week 2 (9/13)19BYU20Independent
89%
Week 3 (9/20)13Oregon21Pac-12
89%
Week 2 (9/13)18Auburn20SEC
89%
Week 4 (9/27)9LSU30SEC
89%
Week 3 (9/20)16Arizona30Pac-12
89%
Week 3 (9/20)18Utah30Pac-12
89%
Week 2 (9/13)17Texas A&M20SEC
89%
Week 3 (9/20)22BYU21Independent
89%
Week 3 (9/20)22Wisconsin21Big Ten
89%
Week 3 (9/20)24Oklahoma State30Big 12
89%
Week 3 (9/20)25Missouri30SEC
89%
Week 4 (9/27)2Michigan State40Big Ten
89%
Week 4 (9/27)3Ole Miss40SEC
89%
Week 2 (9/13)15Ole Miss20SEC
89%
Week 4 (9/27)8Georgia40SEC
89%
Week 6 (10/11)8Florida60SEC
89%
Postseason25Florida104SEC
89%
Week 7 (10/18)12Iowa70Big Ten
89%
Week 1 (9/8)25Mississippi State10SEC
89%
Week 6 (10/11)25Duke51ACC
89%
Week 6 (10/11)17Iowa60Big Ten
89%
Week 1 (9/8)24Utah10Pac-12
89%
Week 1 (9/8)22Arizona10Pac-12
89%
Week 6 (10/11)11Florida State50ACC
89%
Week 6 (10/11)13Ole Miss51SEC
89%
Week 7 (10/18)5LSU60SEC
89%
Week 7 (10/18)3Utah60Pac-12
89%
Week 6 (10/11)16Oklahoma State60Big 12
89%
Week 7 (10/18)9Florida State60ACC
89%
Week 7 (10/18)7Michigan State70Big Ten
89%
Week 13 (11/29)1Clemson120ACC
78%
Week 4 (9/27)16Northwestern40Big Ten
78%
Week 11 (11/15)20Northwestern82Big Ten
78%
Week 6 (10/11)23California51Pac-12
78%
Week 2 (9/13)14Georgia Tech20ACC
78%
Postseason15North Carolina113ACC
78%
Week 12 (11/22)17Northwestern92Big Ten
78%
Week 3 (9/20)3TCU30Big 12
78%
Week 9 (11/1)21North Carolina71ACC
78%
Week 12 (11/22)22UCLA83Pac-12
78%
Week 13 (11/29)8North Carolina111ACC
78%
Week 12 (11/22)15TCU92Big 12
78%
Week 8 (10/25)24UCLA52Pac-12
78%
Week 12 (11/22)11North Carolina101ACC
78%
Week 2 (9/13)11Clemson20ACC
78%
Week 4 (9/27)24California40Pac-12
78%
Week 6 (10/11)21Boise State51Mountain West
78%
Preseason23Boise State00Mountain West
78%
Week 4 (9/27)12Clemson30ACC
78%
Week 4 (9/27)4TCU40Big 12
78%
Preseason16Georgia Tech00ACC
78%
Week 14 (12/6)12Northwestern102Big Ten
78%
Week 3 (9/20)9UCLA30Pac-12
78%
Week 3 (9/20)11Clemson30ACC
78%
Postseason2Clemson141ACC
78%
Preseason2TCU00Big 12
78%
Week 8 (10/25)3Clemson70ACC
78%
Week 8 (10/25)5TCU70Big 12
78%
Week 3 (9/20)17Northwestern30Big Ten
78%
Week 3 (9/20)20Georgia Tech21ACC
78%
Week 14 (12/6)11TCU102Big 12
78%
Week 13 (11/29)11TCU102Big 12
78%
Week 14 (12/6)10North Carolina112ACC
78%
Week 7 (10/18)6Clemson60ACC
78%
Preseason12Clemson00ACC
78%
Week 7 (10/18)4TCU70Big 12
78%
Preseason13UCLA00Pac-12
78%
Week 14 (12/6)1Clemson130ACC
78%
Week 5 (10/4)2TCU50Big 12
78%
Week 4 (9/27)7UCLA40Pac-12
78%
Week 13 (11/29)13Northwestern102Big Ten
78%
Week 2 (9/13)10UCLA20Pac-12
78%
Postseason7TCU112Big 12
78%
Week 12 (11/22)1Clemson110ACC
78%
Week 1 (9/8)3TCU10Big 12
78%
Week 11 (11/15)12North Carolina91ACC
78%
Week 11 (11/15)11TCU91Big 12
78%
Week 1 (9/8)13UCLA10Pac-12
78%
Week 1 (9/8)12Clemson10ACC
78%
Week 5 (10/4)13Northwestern50Big Ten
78%
Week 5 (10/4)25Boise State41Mountain West
78%
Week 10 (11/8)13TCU81Big 12
78%
Week 6 (10/11)3TCU60Big 12
78%
Week 5 (10/4)23California50Pac-12
78%
Week 11 (11/15)1Clemson100ACC
78%
Week 10 (11/8)17North Carolina81ACC
78%
Week 10 (11/8)18UCLA72Pac-12
78%
Week 5 (10/4)20UCLA41Pac-12
78%
Week 10 (11/8)24Northwestern72Big Ten
78%
Week 2 (9/13)23Northwestern20Big Ten
78%
Week 6 (10/11)18UCLA41Pac-12
78%
Week 7 (10/18)20California51Pac-12
78%
Week 1 (9/8)20Boise State10Mountain West
78%
Week 9 (11/1)22UCLA62Pac-12
78%
Week 1 (9/8)15Georgia Tech10ACC
78%
Week 6 (10/11)5Clemson50ACC
78%
Postseason23Northwestern103Big Ten
78%
Week 9 (11/1)5TCU80Big 12
78%
Week 5 (10/4)6Clemson40ACC
78%
Week 6 (10/11)20Northwestern51Big Ten
78%
Week 10 (11/8)1Clemson90ACC
78%
Week 9 (11/1)3Clemson80ACC
78%
Week 2 (9/13)3TCU20Big 12
78%
Week 10 (11/8)7Stanford81Pac-12
67%
Week 14 (12/6)5Stanford112Pac-12
67%
Postseason3Stanford122Pac-12
67%
Week 10 (11/8)16Houston90American
67%
Week 3 (9/20)21Stanford21Pac-12
67%
Week 6 (10/11)15Stanford41Pac-12
67%
Week 9 (11/1)18Houston80American
67%
Week 8 (10/25)8Stanford61Pac-12
67%
Week 14 (12/6)18Baylor93Big 12
67%
Week 10 (11/8)4Baylor80Big 12
67%
Week 8 (10/25)2Baylor70Big 12
67%
Week 14 (12/6)14Houston121American
67%
Week 7 (10/18)10Stanford51Pac-12
67%
Week 7 (10/18)2Baylor60Big 12
67%
Week 6 (10/11)2Baylor50Big 12
67%
Week 13 (11/29)17Houston111American
67%
Week 11 (11/15)13Houston100American
67%
Week 9 (11/1)9Stanford71Pac-12
67%
Preseason21Stanford00Pac-12
67%
Week 12 (11/22)7Baylor91Big 12
67%
Week 11 (11/15)15Stanford82Pac-12
67%
Week 7 (10/18)21Houston60American
67%
Week 4 (9/27)18Stanford31Pac-12
67%
Week 12 (11/22)20Washington State83Pac-12
67%
Week 12 (11/22)21Houston101American
67%
Week 9 (11/1)2Baylor70Big 12
67%
Week 11 (11/15)10Baylor81Big 12
67%
Week 3 (9/20)5Baylor20Big 12
67%
Week 13 (11/29)7Stanford102Pac-12
67%
Week 12 (11/22)13Stanford92Pac-12
67%
Week 5 (10/4)16Stanford41Pac-12
67%
Week 1 (9/8)4Baylor10Big 12
67%
Week 8 (10/25)18Houston70American
67%
Week 2 (9/13)5Baylor20Big 12
67%
Week 13 (11/29)12Baylor92Big 12
67%
Week 6 (10/11)24Houston50American
67%
Postseason13Baylor103Big 12
67%
Week 11 (11/15)24Washington State73Pac-12
67%
Week 5 (10/4)3Baylor50Big 12
67%
Preseason4Baylor00Big 12
67%
Week 4 (9/27)5Baylor30Big 12
67%
Postseason8Houston131American
67%
Week 7 (10/18)25Pittsburgh51ACC
56%
Week 8 (10/25)23Pittsburgh61ACC
56%
Week 11 (11/15)19Navy81American
44%
Week 4 (9/27)23West Virginia30Big 12
44%
Week 12 (11/22)16Navy91American
44%
Week 14 (12/6)21Navy92American
44%
Week 10 (11/8)22Navy71American
44%
Postseason18Navy112American
44%
Week 13 (11/29)22Navy92American
44%
Week 7 (10/18)19Toledo60MAC
33%
Week 9 (11/1)20Toledo70MAC
33%
Week 6 (10/11)22Toledo50MAC
33%
Week 5 (10/4)24Toledo40MAC
33%
Week 8 (10/25)20Toledo70MAC
33%
Week 12 (11/22)24Toledo91MAC
33%
Week 8 (10/25)16Memphis70American
22%
Week 9 (11/1)15Memphis80American
22%
Week 7 (10/18)18Memphis60American
22%
Week 10 (11/8)25Memphis81American
22%
Postseason24Western Kentucky122C-USA
11%
Week 9 (11/1)23Temple71American
11%
Week 14 (12/6)25Western Kentucky112C-USA
11%
Week 10 (11/8)21Temple81American
11%
Week 14 (12/6)24Temple103American
11%
Week 12 (11/22)25Temple92American
11%
Week 13 (11/29)20Temple102American
11%
Week 7 (10/18)22Temple60American
11%
Week 8 (10/25)21Temple70American
11%

Score Distribution

Percentile by Number Answered

Percent of People with Each Score

Your Score History

You have not taken this quiz